000 00207nam a2200097Ia 4500
008 240331s9999 xx 000 0 und d
082 _bOND
100 _aOndaatje, M
245 0 _aTheenglish patient
942 _cL
999 _c4433
_d4433